[Event "Wch U20 60th"]
[Site "Mexico City"]
[Date "2023.09.22"]
[Round "2"]
[White "Girel, Joseph"]
[Black "Perez Marimon, Jorge De Jesus"]
[Result "1-0"]
[WhiteElo "2494"]
[BlackElo "2307"]
[PlyCount "87"]
[EventDate "2023.09.21"]
[EventType "swiss"]
[EventRounds "11"]
[EventCountry "MEX"]
[SourceTitle "EXT 2024"]
[Source "ChessBase"]
[SourceDate "2023.10.10"]
[SourceVersion "1"]
[SourceVersionDate "2023.10.10"]
[SourceQuality "1"]

1. d4 Nf6 2. c4 g6 3. Nc3 Bg7 4. e4 d6 5. Nf3 0-0 6. Bd3 Bg4 7. Be2 e5 8. d5 a5 9. Be3 Na6 10. 0-0 Kh8 11. Nd2 Bd7 12. a3 Ng8 13. Rb1 Bh6 14. Bxh6 Nxh6 15. b4 axb4 16. axb4 f5 17. c5 dxc5 18. Bxa6 bxa6 19. bxc5 Qe7 20. c6 Bc8 21. Nc4 Qc5 22. Qb3 fxe4 23. Nxe5 e3 24. Ne4 Qd4 25. Qc3 Qxc3 26. Nxc3 Re8 27. f4 Ng4 28. Rbe1 Bf5 29. Nxg4 Bxg4 30. h3 Bf5 31. Rf3 e2 32. Kf2 Rab8 33. g4 Bc2 34. Rxe2 Rxe2+ 35. Kxe2 Kg7 36. Re3 Kf8 37. d6 cxd6 38. c7 Rc8 39. Nd5 Ba4 40. Rc3 Bd7 41. Kd2 Be6 42. Nb6 Re8 43. c8Q Bxc8 44. Rxc8 1-0

[Event "CUB-ch U18"]
[Site "Pinar del Rio"]
[Date "2019.06.28"]
[Round "2"]
[White "Perez Marimon, Jorge De Jesus"]
[Black "Salina Parra, Leandro"]
[Result "1-0"]
[WhiteElo "2178"]
[BlackElo "2089"]
[PlyCount "63"]
[EventDate "2019.06.28"]
[EventType "swiss"]
[EventRounds "9"]
[EventCountry "CUB"]
[SourceTitle "CBM 195 Extra"]
[Source "ChessBase"]
[SourceDate "2020.05.31"]
[SourceVersion "1"]
[SourceVersionDate "2020.05.31"]
[SourceQuality "1"]

1. e4 g6 2. d4 Bg7 3. Nf3 d6 4. Bc4 Nf6 5. Qe2 0-0 6. 0-0 d5 7. exd5 Nxd5 8. Bxd5 Qxd5 9. Qxe7 Bg4 10. Nc3 Qf5 11. Ne5 Nc6 12. Nxc6 bxc6 13. h3 Bxh3 14. gxh3 Qxh3 15. Qe4 f5 16. Qxc6 Rad8 17. Qg2 Qh5 18. Nd5 Bxd4 19. Nf4 Qh4 20. Ne6 f4 21. Qg5 Bxf2+ 22. Rxf2 Rd1+ 23. Rf1 Rxf1+ 24. Kxf1 Qh3+ 25. Kg1 Qxe6 26. Bxf4 Qb6+ 27. Be3 Qe6 28. Rd1 c6 29. Rd8 Rxd8 30. Qxd8+ Kg7 31. Qc7+ Kg8 32. Qb8+ 1-0